| 000 | 01012nam a2200241 a 4500 | ||
|---|---|---|---|
| 005 | 20140310183355.0 | ||
| 008 | 121126s19uu xx 00 eng d | ||
| 020 | _a9780071632898 | ||
| 050 |
_aQA 273.25 _b.H78 2011 |
||
| 100 | _aHsu, Hwei P. | ||
| 245 |
_aProbability, random variables, and random process / _cHwei P. Hsu. |
||
| 250 | _a2nd ed. | ||
| 260 |
_aNew York, NY : _bMcGraw-Hill, _c2011. |
||
| 300 |
_aix, 422 p. : _bill. ; _c28 cm. |
||
| 440 | _aSchaum's outlines | ||
| 500 | _aIncludes index. Rev. ed. of: Schaum's outline of theory and problems of probability, random variables, and random processes / Hwei Hsu. c1997. | ||
| 520 | _aThis ideal review for electrical engineering college students covers probability, random variable, functions of random variables, and more. | ||
| 650 |
_aProbabilities _xOutlines, syllabi, etc. |
||
| 650 |
_aRandom variables _xOutlines, syllabi, etc. |
||
| 650 |
_aStochastic processes _xOutlines, syllabi, etc. |
||
| 942 |
_cBK _2lcc _kFOR |
||
| 999 |
_c22213 _d22213 |
||